Stati per tasso di Mortalità legato alle Armi da fuoco - Statistics

Statistiche generali
  • Questo quiz è stato fatto 17 volte
  • Il punteggio medio è 6 su 10
Statistiche sulle risposte
Tassi di omicidio da armi da fuoco per 100.000 abitanti. Continente Nazione % Corretto
19,33 America del Nord Messico
100%
12,15 America del Nord El Salvador
82%
28,72 America del Nord Honduras
71%
22,75 America del Nord Belize
65%
20,81 America del Sud Colombia
65%
25,50 America del Nord Bahamas
53%
26,16 America del Nord Saint Lucia
53%
25,21 America del Nord Saint Kitts e Nevis
41%
20,13 America del Nord Saint Vincent e Grenadine
41%
44,21 America del Nord Jamaica
6%
Nessun quiz corrispondente trovato
Distribuzione punteggi
Percentuale di utenti per punteggio
Percentile per numero di risposta
I tuoi punteggi nel tempo
Non hai fatto questo quiz